000 00409nam a2200145 a 4500
001 000030870
005 20240307073948.0
008 110602s1993 dr 000 0 spa d
040 _aDO-SdBNP
_bspa
_cBNPHU
245 0 0 _aGuía para los estudiantes de UASD.
260 _aSanto Domingo :
_bUASD,
_c1993.
300 _a29 p. ;
_c22 cm.
049 _aBNPD
710 1 _aUniversidad Autónoma de Santo Domingo
_972951
999 _c30362
_d30362